[Event "Sao Paulo Sampa op"]
[Site "Sao Paulo"]
[Date "2024.01.30"]
[Round "3"]
[White "Pittoli, Vinicius Eduardo Mo"]
[Black "De Souza, Ricardo Alves"]
[Result "1-0"]
[WhiteElo "1648"]
[BlackElo "1322"]
[PlyCount "77"]
[EventDate "2024.01.29"]
[EventType "swiss"]
[EventRounds "9"]
[EventCountry "BRA"]
[SourceTitle "CB06_2024"]
[SourceDate "2024.02.07"]
[SourceVersion "1"]
[SourceVersionDate "2024.02.07"]
[SourceQuality "1"]

1. e4 c6 2. d4 d5 3. Nc3 dxe4 4. Nxe4 Nf6 5. Nxf6+ exf6 6. c3 Bd6 7. Nf3 0-0 8. Bd3 Re8+ 9. Be3 Bf4 10. Qd2 Nd7 11. 0-0-0 Bxe3 12. fxe3 Nf8 13. e4 b5 14. e5 a5 15. Rhf1 f5 16. g4 fxg4 17. Ng5 Qd5 18. b3 Be6 19. Be4 Qd7 20. Qf4 Ng6 21. Qg3 Qe7 22. Nxe6 Qxe6 23. Rf2 Rac8 24. Bf5 Qe7 25. Bxc8 Rxc8 26. Qxg4 Rf8 27. Rdf1 a4 28. b4 a3 29. h4 Nxh4 30. Rh1 Ng6 31. Rxh7 Kxh7 32. Qh5+ Kg8 33. Rh2 f5 34. Qxg6 Qe8 35. Qh7+ Kf7 36. Qxf5+ Ke7 37. Qg5+ Kd7 38. Qxg7+ Kc8 39. Rh7 1-0